| 000 | 00565nam a2200145 a 4500 | ||
|---|---|---|---|
| 008 | 120416s0000 ||||||||||||||||| || u | ||
| 020 | _a0226555526 | ||
| 050 | _aE 185.61 Mac | ||
| 100 | _aMcAdam, Doug | ||
| 245 | 1 | 0 | _aPolitical process and the development of black insurgency, 1930-1970 |
| 260 |
_aChicago _bUniversity of Chicago _c1982 |
||
| 300 | _aviii, 304p. : ill. | ||
| 350 | _a0.00 | ||
| 995 |
_D0.00 _FCBU-MAIN LIBRARY (Kitwe) _H1 _I11.95 _M1 _UAVAILABLE _WOct 11, 2006 _ZMain Library Open Access Collection |
||
| 999 |
_c53923 _d53923 |
||